Paises del mediterráneo - Estadísticas

Estadísticas generales
  • Esta prueba ha sido intentada 63 veces
  • La puntuación promedio es 19 de 21
Estadísticas de respuestas
Dirección País % Correcto
Costas del norte Grecia
100%
Costas del norte Italia
100%
Costas del norte España
98%
Costas del norte Francia
96%
Costas del sur Argelia
95%
Naciones insulares Chipre
95%
Costas del sur Egipto
95%
Naciones insulares Malta
95%
Costas del norte Croacia
93%
Costas del sur Marruecos
93%
Costas del norte Turquía
93%
Costas del norte Mónaco
91%
Costas del oriente Israel
89%
Costas del norte Eslovenia
88%
Costas del norte Montenegro
88%
Costas del sur Túnez
88%
Costas del norte Albania
86%
Costas del norte Bosnia y Herzegovina
86%
Costas del sur Libia
86%
Costas del oriente Líbano
79%
Costas del oriente Siria
75%
No se encontraron pruebas coincidentes
Distribución de puntuación
Porcentaje de gente con cada puntuación
Porcentaje por número respondido
Historial de tus puntuaciones
No has intentado esta prueba.